Normal view
MARC view
- Dr Wayne W . Dyer
Entry Personal Name
001 - CONTROL NUMBER
- control field: 9071
003 - CONTROL NUMBER IDENTIFIER
- control field: NUST
005 - DATE AND TIME OF LATEST TRANSACTION
- control field: 20180119121030.0
008 - FIXED-LENGTH DATA ELEMENTS
- fixed length control field: 180119|| aca||aabn | a|a d
040 ## - CATALOGING SOURCE
- Original cataloging agency: NUST
- Transcribing agency: NUST
100 ## - HEADING--PERSONAL NAME
- Personal name: Dr Wayne W . Dyer
670 ## - SOURCE DATA FOUND
- Source citation: Work cat.: (NUST)300373: Dr Wayne W . Dyer, The Power of Intention, 2006
